| 000 | 01356nam0a2200349 4500 | ||
|---|---|---|---|
| 001 | RU\NLR\bibl\47759 | ||
| 005 | 20260406042110.0 | ||
| 010 |
_a5-89427-009-Х _914000 |
||
| 021 |
_aRU _b99-23630 _91149 |
||
| 035 | _a(NLR Aleph) 000046598 | ||
| 090 |
_a247250 _c247250 |
||
| 100 | _a19990917d1999 |||y0rusy50 ca | ||
| 101 | 0 | _arus | |
| 102 | _aRU | ||
| 105 | _aa ||||||||| | ||
| 200 | 1 |
_aКонтроль за налогами на предприятии _fР.Ф. Галимзянов |
|
| 205 | _a2-е изд., перераб. и доп. | ||
| 210 |
_aУфа _cЭксперт _d1999 |
||
| 215 |
_a415 с. _cсхем. _d21 |
||
| 225 | 1 | _aНалоги без проблем | |
| 311 | _aПрил. к журн. "Налоги и платежи" | ||
| 422 | 0 |
_12001#$aНалоги и платежи _tНалоги и платежи |
|
| 606 | 0 |
_aПредприятия _jРуководства, пособия и т.п. _xНалоговое обложение _xКонтроль _92112699 _3RU\NLR\auth\661276654 |
|
| 686 | _aУ26(2)141.3я7 | ||
| 686 | _aУ052.9(2)226-218я7 | ||
| 700 | 1 |
_4070 _8rus _7ca _aГалимзянов _bР. Ф. _gРустем Фауатович _3RU\NLR\auth\772395 _9112407 |
|
| 801 | 0 |
_aRU _bNLR _c19990917 _gPSBO |
|
| 801 | 1 |
_aRU _bNLR _c19990917 |
|
| 852 |
_aNLR _j99-3/10658 |
||
| 942 | _cBOOK | ||
| 980 | _aNB | ||